Numerical linear algebra and optimization /

Guardado en:
Autor Principal: Gill, Philip E.
Otros Autores: Murray, Walter., Wright, Margaret H.
Formato: Libro
Idioma:English
Publicado: Redwood City, Calif. : Addison-Wesley, c1991-
Materias:
Etiquetas: Agregar Etiqueta
Sin Etiquetas, Sea el primero en etiquetar este registro!
LEADER 00895cam a2200253 a 4500
001 MAT.inmabb006046
008 890822m19919999caua#####b####001#0#eng##
005 20130314154037.0
245 1 0 |a Numerical linear algebra and optimization /  |c Philip E. Gill , Walter Murray, Margaret H. Wright. 
260 |a Redwood City, Calif. :  |b Addison-Wesley,  |c c1991- 
300 |a v. <1 > :  |b il. ;  |c 25 cm. 
504 |a Incluye referencias bibliográficas (v. 1, p. 409-410) e índice. 
510 4 |a MR,  |c 92b:65001 
020 |a 0201126494 (v. 1) 
100 1 |a Gill, Philip E. 
700 1 |a Murray, Walter. 
700 1 |a Wright, Margaret H. 
650 0 |a Algebras, Linear. 
650 0 |a Numerical calculations. 
650 0 |a Mathematical optimization. 
084 |a 65-01 (65Fxx 65K05 90-01 90Cxx)  |2 msc2000 
010 |a  89039744  
040 |a DLC  |c DLC  |d DLC 
859 |h 65  |i G475  |p A-6569  |3 Vol. 1  |b BIB. MATEMATICA